Розбудова менеджмент-освіти в Україні (Запис № 320438)

МАРК-запис
000 -Лідер
fixed length control field 00532nam a22001937a 4500
003 - Ідентифікатор контрольного номера
control field UA-OsUOA
001 - Контрольний номер
control field 33979
007 - Фіксоване поле фізичного опису
fixed length control field ta
008 - Елементи даних фіксованої довжини – загальна інформація
fixed length control field 20050919b un ||||| |||| 00| 0 ukr d
040 ## - Джерело каталогізації
Агенція оригінальної каталогізації UA-OsUOA
Мова каталогізації ukr
Агенція, яка здійснювала перезапис UA-OsUOA
Агенція, яка здійснювала модифікацію UA-OsUOA
041 ## - Код мови
Код мови тексту/ звукової доріжки чи окремого заголовка (П) ukr
245 ## - Відомості про назву
Назва (НП) Розбудова менеджмент-освіти в Україні
Дані про відповідальність (НП) Ред. колегія Бохняж З., Каніщенко Г.
260 ## - Публікація, розповсюдження і т.п. (Вихідні дані)
Місце публікації, розповсюдження і т.п. (П) К.
Дата публікації, розповсюдження і т.п. (П) 2001
246 31 - Інша форма назви
Назва (НП) Програма дій
Номер частини/ розділ роботи (П)
300 ## - Фізичний опис
Обсяг 110 с.
650 #7 - Додаткове предметне введення – тематичний термін
Джерело заголовка чи терміна UDC
942 ## - Додаткові елементи входу (Коха)
Тип елемента Koha Журнал
955 ## - Код типу видання за змістом
Код типу видання за змістом (НП) Навчальні видання

Немає доступних примірників.